|
|
|
|
| LEADER |
01115cam a2200277 a 4500 |
| 001 |
c000269265 |
| 003 |
CARM |
| 005 |
20070828101631.0 |
| 008 |
870625s1984 vraa 000 0 eng d |
| 019 |
1 |
|
|a 3818624
|z 11277564
|5 LACONCORD2021
|
| 020 |
|
|
|a 0959022503
|
| 035 |
|
|
|a (OCoLC)216962420
|5 LACONCORD2021
|
| 040 |
|
|
|a ANL
|b eng
|c ANL
|d ABN-SNR
|
| 042 |
|
|
|a anuc
|
| 082 |
0 |
4 |
|a 004.75
|2 19
|
| 245 |
0 |
0 |
|a Guidelines for the use of screen-based equipment by MOA members.
|
| 260 |
|
|
|a North Melbourne, Vic. :
|b Vic. Branch, Municipal Officers' Association,
|c 1984.
|
| 300 |
|
|
|a 22 p. :
|b ill. ;
|c 30 cm.
|
| 500 |
|
|
|a Guidelines were developed under the direction of Ms Jane Hayton.
|
| 650 |
|
0 |
|a Video display terminals
|x Safety measures.
|
| 650 |
|
0 |
|a Human engineering.
|
| 700 |
1 |
|
|a Hayton, Jane.
|
| 710 |
2 |
|
|a Municipal Officers' Association of Australia.
|b Victorian Branch
|
| 852 |
8 |
|
|b CARM
|h A1:AN22D0
|i F02618
|p 0385980
|f BK
|
| 999 |
f |
f |
|i 3d001ff0-7dae-5159-87fb-1d8e534d0c43
|s 58e86774-b1ff-520f-82e4-f35518a946e6
|
| 952 |
f |
f |
|p Can circulate
|a CAVAL
|b CAVAL
|c CAVAL
|d CARM 1 Store
|e F02618
|f A1:AN22D0
|h Other scheme
|i book
|m 0385980
|